Państwa które organizowały Mistrzostwa Europy w piłce nożnej - Statystyki

Ogólne statystyki
  • Ten quiz został rozwiązany 840 razy
  • Średni wynik to 15 z 17
Statystyki odpowiedzi
Rok Gospodarz % Poprawnych
2020 Azerbejdżan/Włochy/Irlandia/Szkocja/Anglia/Niemcy/Holandia/Węgry/Rumunia/Hiszpania/Dania/Rosja
100%
2012 Polska/Ukraina
99%
1960 Francja
98%
1984 Francja
98%
2016 Francja
98%
1988 Niemcy
97%
2024 Niemcy
97%
1964 Hiszpania
95%
2004 Portugalia
94%
1968 Włochy
92%
1980 Włochy
92%
2000 Belgia/Holandia
91%
2008 Austria/Szwajcaria
89%
1996 Anglia
88%
1992 Szwecja
83%
1972 Belgia
71%
1976 Jugosławia
57%
Nie znaleziono quizów pasujących do podanych kryteriów
Rozkład punktacji
Procent ludzi z każdym wynikiem
Percentyl według liczby udzielonych odpowiedzi
Twoja historia wyników
Nie rozwiązałeś tego quizu